Datum a čas kvízu
33
Celkem bodů
Celkový počet nahraných bodů na tomto kvízu bez doplňovacích otázek.
3.
Pořadí na kvízu
Konečné umístění týmu na tomto kvízu.
Zaznamenané odpovědi
| # | Otázka | Odpověď | Body | Výsledky |
|---|---|---|---|---|
| 1. | „Raději bych si ukousl část ko... | A | 1 | |
| 2. | Obyvatelé Kirkwallu na skotské... | B | 1 | |
| 3. | Minulé úterý se v aukční síni... | Pablo Picasso | 1 | |
| 4. | Minulý týden oznámil jistý dis... | Lidl | 1 | |
| 5. | Poprvé v historii se v NHL pod... | D) Získali v základní části 100 kanadských bodů. | 1 | |
| 6. | Vítězné téma FB hlasování zahá... | Luděk Marold, bitva u Lipan | 0 | |
| 7. | Přiřaďte jednotlivá města k je... | 1B 2D 3A 4C | 1 | |
| 8. | „Co až budeme nahoře, to teprv... | Homolka a tobolka; Marie Motlová | 0.5 | |
| 9. | Panorama je služba webové strá... | Dlouhé stráně | 1 | |
| 10. | Na závěr si dáme noční pohled... | Řím | 1 |